Normal view
MARC view
- Lee, Edward A.
Entry Personal Name
001 - CONTROL NUMBER
- control field: 104467
003 - CONTROL NUMBER IDENTIFIER
- control field: NUST
005 - DATE AND TIME OF LATEST TRANSACTION
- control field: 20221208130636.0
008 - FIXED-LENGTH DATA ELEMENTS
- fixed length control field: 221208|| aca||aabn | a|a d
040 ## - CATALOGING SOURCE
- Original cataloging agency: NUST
- Transcribing agency: NUST
100 ## - HEADING--PERSONAL NAME
- Personal name: Lee, Edward A.
670 ## - SOURCE DATA FOUND
- Source citation: Work cat.: (NUST)190612: Lee, Edward A.,, Digital communication /, c1994.
